|
|
แสดงรายละเอียดบรรณานุกรม |
|
|
Brief Record
: Get Marc (ISO 2709)
: E-mail record
: |
| LEADER 00000nama 2200000uu 4500 | |||
| 008 040531s|||| th m m a000 0 tha d | |||
| 020 9748051978 | |||
| 041 tha | |||
| 050 อ CR6080 ส691ค 2539 | |||
| 100 สำนักเลขาธิการคณะรัฐมนตรี. | |||
| 245 เครื่องราชอิสริยาภรณ์อันเป็นที่สรรเสริญยิ่งดิเรกคุณาภรณ์/สำนักเลขาธิการคณะรัฐมนตรี. | |||
| 250 พิมพ์ครั้งที่ 2. | |||
| 260 กรุงเทพฯ. สำนักงานเลขาธิการคณะรัฐมนตรี. 2539. | |||
| 300 127 หน้า. | |||
| 600 I.สำนักเลขาธิการคณะรัฐมนตรี. | |||
| 650 1.เครื่องราชอิสริยาภรณ์--ไทย. | |||
| 995 002 | |||
| คุณยังไม่ได้ล็อกอิน คุณสามารถมีกิจกรรมร่วมกับเว็บไซต์ได้ แต่ต้องล็อกอินก่อน :: |
|
| สถานะ | |||||||||
| 1. | หนังสือทั่วไป | อ CR6080 ส691ค 2539 | On Shelf ขอยืม | ||||||
| [แสดง 1/1 รายการ] | |||||||||
BibComment |
| คอมเมนท์ทรัพยากรรายการนี้ |
|
|